Sketchbook (Record no. 370712)

MARC details
000 -LEADER
fixed length control field 00412nam a22001697a 4500
005 - DATE AND TIME OF LATEST TRANSACTION
control field 20260312114444.0
008 - FIXED-LENGTH DATA ELEMENTS--GENERAL INFORMATION
fixed length control field 260312b |||||||| |||| 00| 0 eng d
020 ## - INTERNATIONAL STANDARD BOOK NUMBER
International Standard Book Number 8179251292
041 ## - LANGUAGE CODE
Language code of text/sound track or separate title Eng.
082 ## - DEWEY DECIMAL CLASSIFICATION NUMBER
Classification number 720.85
Item number TUP.
100 ## - MAIN ENTRY--PERSONAL NAME
Author Tupe S.
245 ## - TITLE STATEMENT
Title Sketchbook
260 ## - PUBLICATION, DISTRIBUTION, ETC.
Place of publication, distribution, etc. Pune
Name of publisher, distributor, etc. Jyotsna Prakashan
Date of publication, distribution, etc. 2005
300 ## - PHYSICAL DESCRIPTION
Extent 96p
Other physical details PB
Dimensions 28 x 21.5 cm
365 ## - TRADE PRICE
Price type code INR
Price amount 1.00
Currency code Rupaye
942 ## - ADDED ENTRY ELEMENTS (KOHA)
Koha item type Donated Book
Holdings
Withdrawn status Lost status Source of classification or shelving scheme Damaged status Not for loan Home library Current library Date acquired Vendor Budget Code Net Price Bill number Total Checkouts Full call number Barcode Date last seen Actual Price Bill Date Koha item type
    Dewey Decimal Classification     Dr. Bhanuben Nanavati College of Architecture Dr. Bhanuben Nanavati College of Architecture 12/03/2026 Donated Books B.Arch. 1.00 00   720.85 TUP. BNCA-DB-2066 12/03/2026 1.00 12/03/2026 Donated Book